Luther and the stories of God :Biblical Narratives as a Foundation for christian Living (Record no. 22542)
[ view plain ]
| 000 -LEADER | |
|---|---|
| fixed length control field | 01088cam a2200181 a 4500 |
| 020 ## - INTERNATIONAL STANDARD BOOK NUMBER | |
| ISBN | 9780801038914 (pbk.) |
| 082 00 - DEWEY DECIMAL CLASSIFICATION NUMBER | |
| Classification number | 230.41092 |
| Author Cutter | KOL |
| 100 1# - MAIN ENTRY--AUTHOR NAME | |
| Author name | Kolb, Robert, |
| 245 10 - TITLE STATEMENT | |
| Title | Luther and the stories of God :Biblical Narratives as a Foundation for christian Living |
| 260 ## - PUBLICATION, DISTRIBUTION, ETC. (IMPRINT) | |
| Place of publication | Grand Rapids, Mich. : |
| Name of publisher | Baker Academic, |
| Year of publication | c2012. |
| 300 ## - PHYSICAL DESCRIPTION | |
| Number of Pages | xx, 188 p. ; |
| 505 0# - FORMATTED CONTENTS NOTE | |
| Formatted contents note | The whole life of a Christian as a life of repentance: Luther's metanarrative -- Luther the storyteller: the Reformer's use of narrative -- Above all, fearing, loving, and trusting in God: defining the core -- Of what it means to be human -- Suffering builds faith and calls to repentance: affliction as part of daily life -- The life of faith in responding to God's word with prayer and praise: active obedience in the sacred realm -- The life of faith in serving the neighbor: Luther's ethic of callings and commands -- Living well leads to dying well: the completion of the Christian life. |
| 650 #0 - SUBJECT ADDED ENTRY--TOPICAL TERM | |
| Topical Term | Storytelling |
| 650 #0 - SUBJECT ADDED ENTRY--TOPICAL TERM | |
| Topical Term | Bible stories. |
| 650 #0 - SUBJECT ADDED ENTRY--TOPICAL TERM | |
| Topical Term | Christian life |
| 942 ## - ADDED ENTRY ELEMENTS (KOHA) | |
| Koha item type | Books |
| Home library | Current library | Shelving location | Date acquired | Full call number | Accession Number | Koha item type |
|---|---|---|---|---|---|---|
| Henry Martyn Institute Library | Henry Martyn Institute Library | General stacks | 11/23/2018 | 230.41092 KOL | 11003918 | Books |
| Henry Martyn Institute Library | Henry Martyn Institute Library | General stacks | 11/23/2018 | 230.41092 KOL | 11003917 | Books |
